Living your best life with Asperger's syndrome (Record no. 480524)

MARC details
000 -LEADER
fixed length control field 01814cam a2200397 a 4500
001 - CONTROL NUMBER
control field EDZ0000072123
003 - CONTROL NUMBER IDENTIFIER
control field StDuBDS
005 - DATE AND TIME OF LATEST TRANSACTION
control field 20161031105144.0
006 - FIXED-LENGTH DATA ELEMENTS--ADDITIONAL MATERIAL CHARACTERISTICS--GENERAL INFORMATION
fixed length control field m||||||||d||||||||
007 - PHYSICAL DESCRIPTION FIXED FIELD--GENERAL INFORMATION
fixed length control field cr |||||||||||
008 - FIXED-LENGTH DATA ELEMENTS--GENERAL INFORMATION
fixed length control field 120412s2006 enk fo| 000|0beng|d
020 ## - INTERNATIONAL STANDARD BOOK NUMBER
International Standard Book Number 9781446213216 (ebook) :
Terms of availability No price
040 ## - CATALOGING SOURCE
Original cataloging agency StDuBDS
Language of cataloging eng
Transcribing agency StDuBDS
Description conventions pn
049 ## - LOCAL HOLDINGS (OCLC)
Holding library Alfaisal Main Library
050 #4 - LIBRARY OF CONGRESS CALL NUMBER
Classification number RJ506.A9
082 04 - DEWEY DECIMAL CLASSIFICATION NUMBER
Classification number 618.928588320092
Edition number 23
100 1# - MAIN ENTRY--PERSONAL NAME
Personal name Barber-Wada, Karra.
245 10 - TITLE STATEMENT
Title Living your best life with Asperger's syndrome
Medium [electronic resource] :
Remainder of title how a young boy and his mother deal with the challenges and joys of being eleven, brilliant and socially absent /
Statement of responsibility, etc Karra Barber.
260 ## - PUBLICATION, DISTRIBUTION, ETC. (IMPRINT)
Place of publication, distribution, etc London :
Name of publisher, distributor, etc Paul Chapman,
Date of publication, distribution, etc 2006.
300 ## - PHYSICAL DESCRIPTION
Extent 1 online resource (vi, 119 p.)
500 ## - GENERAL NOTE
General note "A Lucky Duck book".
504 ## - BIBLIOGRAPHY, ETC. NOTE
Bibliography, etc Includes bibliographical references.
520 8# - SUMMARY, ETC.
Summary, etc Effectively accommodating the social and academic needs of children on the autistic spectrum is an important task in every school. This guide describes how a young boy navigates his way through the social challenges that he faces every day, and provides a source of information about autistic spectrum disorders.
521 ## - TARGET AUDIENCE NOTE
Target audience note Specialized.
588 ## -
-- Description based on print version record.
600 10 - SUBJECT ADDED ENTRY--PERSONAL NAME
Personal name Barber, Thomas.
600 10 - SUBJECT ADDED ENTRY--PERSONAL NAME
Personal name Barber-Wada, Karra
General subdivision Family.
650 #0 - SUBJECT ADDED ENTRY--TOPICAL TERM
Topical term or geographic name as entry element Asperger's syndrome in children.
650 #0 - SUBJECT ADDED ENTRY--TOPICAL TERM
Topical term or geographic name as entry element Asperger's syndrome
General subdivision Patients
Form subdivision Biography.
650 #0 - SUBJECT ADDED ENTRY--TOPICAL TERM
Topical term or geographic name as entry element Asperger's syndrome
General subdivision Patients
-- Family relationships.
655 #7 - INDEX TERM--GENRE/FORM
Genre/form data or focus term Electronic books.
Source of term local
710 2# - ADDED ENTRY--CORPORATE NAME
Corporate name or jurisdiction name as entry element Sage eBooks
776 08 - ADDITIONAL PHYSICAL FORM ENTRY
Display text Print version :
International Standard Book Number 9781412919609
856 40 - ELECTRONIC LOCATION AND ACCESS
Uniform Resource Identifier <a href="http://ezproxy.alfaisal.edu/login?url=http://sk.sagepub.com/books/living-your-best-life-with-aspergers-syndrome">http://ezproxy.alfaisal.edu/login?url=http://sk.sagepub.com/books/living-your-best-life-with-aspergers-syndrome</a>
942 ## - ADDED ENTRY ELEMENTS (KOHA)
Source of classification or shelving scheme Library of Congress Classification
Koha item type eBooks

No items available.

Copyright © 2020 Alfaisal University Library. All Rights Reserved.
Tel: +966 11 2158948 Fax: +966 11 2157910 Email:
librarian@alfaisal.edu